| 000 | 00334nam a22001457a 4500 | ||
|---|---|---|---|
| 020 | _qPB. | ||
| 040 | _cFIZZA ISHAQ | ||
| 082 |
_a526.9 _bTPK |
||
| 100 |
_aKER, KANET T.P. _986497 |
||
| 245 |
_aSURVEYING AND LEVELING / _cKER, KANET T.P. |
||
| 250 | _a2nd ED. | ||
| 260 |
_aLONDON : _c1945. |
||
| 300 | _a663 P. ; | ||
| 942 |
_2ddc _cBK |
||
| 999 |
_c587346 _d587346 |
||